U.S. National Parks A-Z - Statistics

General Stats
  • This quiz has been taken 33 times
  • The average score is 14 of 22
Answer Stats
L. # National Parks % Correct
Y 2 Yellowstone / Yosemite
100%
A 3 Acadia / American Samoa / Arches
86%
G 10 Gates of the Arctic / Gateway Arch / etc.
86%
D 3 Death Valley / Denali / Dry Tortugas
79%
M 3 Mammoth Cave / Mesa Verde / Mount Rainier
79%
Z 1 Zion
79%
B 5 Badlands / Big Bend / etc.
76%
E 1 Everglades
76%
R 2 Redwood / Rocky Mountain
76%
C 7 Canyonlands / Capitol Reef / etc.
69%
S 3 Saguaro / Sequoia / Shenandoah
66%
J 1 Joshua Tree
59%
O 1 Olympic
52%
H 3 Haleakala / Hawaii Volcanoes / Hot Springs
48%
V 2 Virgin Islands / Voyageurs
48%
W 3 White Sands / Wind Cave / Wrangell–St. Elias
48%
I 2 Indiana Dunes / Isle Royale
45%
K 4 Katmai / Kenai Fjords / etc.
45%
P 2 Petrified Forest / Pinnacles
45%
N 2 New River Gorge / North Cascades
34%
T 1 Theodore Roosevelt
31%
L 2 Lake Clark / Lassen Volcanic
24%
No matching quizzes found
Score Distribution
Percent of People with Each Score
Percentile by Number Answered
Your Score History
You have not taken this quiz